Statistics for Easy Space Quiz

Click here to take the quiz!

General Stats

  • This quiz has been taken 161 times
  • The average score is 9 of 15

Answer Stats

Hint Answer % Correct
does the sun orbit around the earth?no
99%
is the sun a star or a planet?star
97%
earth is located in which galaxy?milky way
97%
what is the 2nd biggest planet in our solar system?saturn
95%
what planet is known for its great red spot?jupiter
93%
do aliens exist?yes
91%
did a monkey ever go in space?yes
90%
who was the first man too walk on the moon?neil armstrong
56%
how long does it take for the earth too go around the sun?365 days
44%
what is name of the first satellite sent into space?sputnik
41%
Why is the universe expanding?Big bang
38%
how much does jupiter have of moons?63 known moons
27%
how much time does it take for the moon too go around the earth?24 hours
27%
what is the name of the nasa's most famous space telescope?hubble space telescope
18%
the moon is as big as which country in earth?australia
16%

Score Distribution

Percentile by Number Answered

Percent of People with Each Score

Your Score History

You have not taken this quiz